Responses for Show #8647 - Tuesday, May 24, 2022

Ryan Long game 8.

Contestants

[<< previous game]

Bonnie Kistler, a novelist from Sarasota, Florida

Eric Pérez, an order management specialist from Shallow Lake, Ontario, Canada

Ryan Long, a rideshare driver from Philadelphia, Pennsylvania (whose 7-day cash winnings total $145,201)

[next game >>]

Jeopardy! Round responses

WATER UNDER THE BRIDGE
SPORTS SHORTS
RIPPED FROM THE HEADLINES
ASIAN AMERICANS & PACIFIC ISLANDERS
WARTIME U.S. PRESIDENTS
Xs, THEN Os
(Mayim: Each response contains an "X" and then an "O" later in the word.)
    $200 6
the Potomac

Bonnie
    $200 19
Wilt Chamberlain

Ryan
    $200 10
cows

Eric
    $200 29
diving

Bonnie
    $200 12
the Korean War

Ryan
    $200 5
a tuxedo

Eric
    $400 9
Michigan

Bonnie
    $400 20
the WNBA

Eric
    $400 7
(Ryan: What is the bipartisan committee?)
...
(Mayim: [*]. Get it?)
[Laughter]

joint committee

Ryan
Triple Stumper
    $400 13
Hawaii

Ryan
    $400 26
the Gulf War

Ryan
    $400 1
a lexicon

Bonnie
    $600 11
the River Kwai

Bonnie
    $600 21
(Ryan: Uh, who's... oh!)

Cooper Kupp

Ryan
Triple Stumper
    $600 8
Shakira

Eric
    $600 14
the Medal of Honor

Ryan
    $2,000 27
(Ryan: Who is Nixon?)

Gerald Ford

Ryan
    $600 2
xenon

Ryan
    $800 17
the Orinoco

Eric
    $800 22
the St. Louis Cardinals

Ryan
    $800 24
condors

Ryan
    $800 15
[Mayim corrects Ryan's pronunciation of "TAG-a-log" to "Tuh-GAA-log".]

Tagalog

Ryan
    $800 28
(William) McKinley

Bonnie
    $800 3
a hexagon

Ryan
    $1000 18
the Elbe River

Triple Stumper
    $1000 23
(Mayim: That is [*]--absolutely unbelievable athlete.)

Nathan Chen

Triple Stumper
    $1000 25
(Bonnie: What is All Things Considered?)

Morning Edition

Bonnie
Triple Stumper
    $1000 16
Tammy Duckworth

Bonnie
    $1000 30
(James) Madison

Bonnie
    $1000 4
an axiom

Ryan

Scores at the first commercial break (after clue 15):

Ryan Eric Bonnie
$4,000 $1,000 $1,600

Scores at the end of the Jeopardy! Round:

Ryan Eric Bonnie
$3,600 $2,200 $3,600

Double Jeopardy! Round responses

LITERATURE
NEWS PERSONALITIES PAST & PRESENT
U.S. GEOGRAPHIC HISTORY
MED. ABBREV.
WE DO TALK ABOUT BRUNO
YES, YES, YES
    $400 1
Dorothy Parker

Bonnie
    $400 8
NBC

Ryan
    $400 18
(Bonnie: What is die?)
(Ryan: What is bust?)

fight

RyanBonnie
Triple Stumper
    $400 22
intravenous

Ryan
    $400 3
the Holy Roman Empire

Ryan
    $400 16
amen

Bonnie
    $800 10
Tess of the d'Urbervilles

Bonnie
    $800 9
(Christiane) Amanpour

Eric
    $800 19
the Erie Canal

Bonnie
    $800 23
chemotherapy

Ryan
    $800 4
Bruno Mars

Ryan
    $800 13
totes

Triple Stumper
    $1,200 11
(Sir John) Falstaff

Bonnie
    $1200 25
Dana Perino

Triple Stumper
    $1200 20
the Republic of Texas

Ryan
    $1200 24
a cerebrovascular accident

Eric
    $1200 5
(Enrico) Fermi

Ryan
    $1200 14
fine

Ryan
    $1600 12
(Kurt) Vonnegut

Ryan
    $1600 26
(Bonnie: Who is Jake Tapper?)
...
(Mayim: Less than a minute...)

Shepard Smith

Bonnie
Triple Stumper
    $2,000 21
(Ryan: [Exhales] Uh, what is the... Hudson?)
(Mayim: I'm sorry, no. What is [*], it means "golden gate".)

the San Francisco Bay

Ryan
    $1600 28
graft-versus-host disease

Ryan
    $1600 6
(Ryan: Who is, uh... Barrie?)
(Bonnie: Who is Tolkien?)

Lewis Carroll

RyanBonnie
Triple Stumper
    $1600 15
affirmative

Eric
    $2000 2
A Modest Proposal

Ryan
    $2000 27
Edward R. Murrow

Ryan
    $2000 30
the Northwest Territory

Triple Stumper
    $2000 29
a tonsillectomy & adenoidectomy

Bonnie
    $2000 7
(Bruno) Hauptmann

Ryan
    $2000 17
indubitably

Bonnie

Scores at the end of the Double Jeopardy! Round:

Ryan Eric Bonnie
$15,200 $5,800 $7,600
(lock-tie game)

[wagering suggestions for these scores]

Final Jeopardy! Round responses

THE MIDDLE AGES
(Mayim: [To Eric] Robert and Edward were the kings of Scotland and Ireland, respectively.)
EricWhat is Bruce?
$5,798
BonnieWhat is Stuart?
$7,600
RyanWhat is Stuart?
$0
Bruce

Final scores:

Ryan Eric Bonnie
$15,200 $11,598 $0
8-day champion: $160,401 2nd place: $2,000 3rd place: $1,000

Game dynamics:

Coryat scores:

Ryan Eric Bonnie
$19,200 $5,800 $7,600
24 R,
6 W
(including 2 DDs)
8 R,
0 W
15 R
(including 1 DD),
4 W

Combined Coryat: $32,600

[game clues] [game scores] [suggest correction]

Game tape date: 2022-03-31
The J! Archive is created by fans, for fans. Scraping, republication, monetization, and malicious use prohibited; this site may use cookies and collect identifying information. See terms. The Jeopardy! game show and all elements thereof, including but not limited to copyright and trademark thereto, are the property of Jeopardy Productions, Inc. and are protected under law. This website is not affiliated with, sponsored by, or operated by Jeopardy Productions, Inc. Join the discussion at JBoard.tv.